Tennis masculin - Vainqueurs de Grand Chelem - Statistiques

Statistiques générales
  • Ce quiz a été pris 4 210 fois
    2 618 depuis la dernière actualisation
  • Le résultat moyen est 27 sur 58
Statistiques - réponses
Nombre de titres Joueur % Correct
24 Novak Djokovic
99%
22 Rafael Nadal
99%
20 Roger Federer
99%
07 Carlos Alcaraz
96%
04 Jannik Sinner
93%
03 Stanislas Wawrinka
91%
03 Andy Murray
90%
01 Daniil Medvedev
88%
08 Andre Agassi
77%
11 Bjorn Borg
77%
01 Dominic Thiem
77%
14 Pete Sampras
77%
01 Yannick Noah
77%
07 John McEnroe
71%
01 Juan Martin del Potro
69%
01 Marin Cilic
67%
08 Ivan Lendl
57%
01 Juan Carlos Ferrero
56%
03 Gustavo Kuerten
52%
01 Andy Roddick
51%
06 Boris Becker
51%
02 Marat Safin
51%
05 Rod Laver
51%
02 Lleyton Hewitt
49%
07 Mats Wilander
49%
08 Jimmy Connors
48%
01 Carlos Moya
47%
01 Michael Chang
47%
06 Stefan Edberg
45%
04 Jim Courier
44%
01 Gaston Gaudio
35%
01 Goran Ivanisevic
35%
03 Arthur Ashe
33%
02 Ievgeny Kafelnikov
33%
02 Ilie Nastase
33%
04 Guillermo Vilas
32%
02 Patrick Rafter
32%
01 Thomas Muster
30%
02 Sergi Bruguera
29%
05 John Newcombe
27%
01 Albert Costa
26%
02 Stan Smith
25%
01 Petr Korda
24%
01 Pat Cash
23%
04 Ken Rosewall
22%
01 Thomas Johansson
22%
01 Andres Gomez
21%
01 Michael Stich
21%
01 Adriano Panatta
19%
01 Richard Krajicek
18%
01 Vitas Gerulaitis
18%
03 Jan Kodes
17%
01 Manuel Orantes
15%
02 Johan Kriek
14%
01 Roscoe Tanner
13%
01 Andres Gimeno
12%
01 Brian Teacher
11%
01 Mark Edmondson
10%
Aucun quiz correspondant
Distribution des résultats
% des personnes avec chaque résultat
Percentile par nombre de réponses
Votre historique - résultats
Vous n’avez pas pris ce quiz depuis la dernière actualisation